ბათუმის შოთა რუსთაველის სახელმწიფო უნივერსიტეტის ბიბლიოთეკა

კლასგარეშე საკითხავი ლიტერატურა (ბიბ.ჩანაწერი № 53433)

000 -LEADER
fixed length control field 00956nam a2200253Ia 4500
001 - CONTROL NUMBER
control field 20476
003 - CONTROL NUMBER IDENTIFIER
control field GE_BSU
008 - FIXED-LENGTH DATA ELEMENTS--GENERAL INFORMATION
fixed length control field 181216s||||||||xx |||||||||||||| ||und||
040 ## - CATALOGING SOURCE
Transcribing agency GE_BSU
080 ## - UNIVERSAL DECIMAL CLASSIFICATION NUMBER
Universal Decimal Classification number 811.353.1-88(075.3)
245 ## - TITLE STATEMENT
Title კლასგარეშე საკითხავი ლიტერატურა
245 ## - TITLE STATEMENT
Remainder of title I კლასისათვის
245 ## - TITLE STATEMENT
Statement of responsibility, etc. შეადგინა ვალერიან რამიშვილმა. რედ. ნ. სუხიტაშვილი
250 ## - EDITION STATEMENT
Edition statement მერვე გამოც.
260 ## - PUBLICATION, DISTRIBUTION, ETC.
Place of publication, distribution, etc. თბილისი
260 ## - PUBLICATION, DISTRIBUTION, ETC.
Name of publisher, distributor, etc. განათლება
260 ## - PUBLICATION, DISTRIBUTION, ETC.
Date of publication, distribution, etc. 1988
300 ## - PHYSICAL DESCRIPTION
Extent 55გვ. ; 22სმ. ილ.
653 ## - INDEX TERM--UNCONTROLLED
Uncontrolled term I კლასისათვის
653 ## - INDEX TERM--UNCONTROLLED
Uncontrolled term კლასგარეშე საკითხავი ლიტერატურა
653 ## - INDEX TERM--UNCONTROLLED
Uncontrolled term ქართული ენა
942 ## - ADDED ENTRY ELEMENTS (KOHA)
Koha item type წიგნი
ეგზემპლარები
Withdrawn status Lost status Damaged status Not for loan Date acquired Barcode Date last seen Price effective from Koha item type
        2018-12-17 53445 2018-12-17 2018-12-17 წიგნი